Flipper /

Su padre acaba de morir. A partir de ese hecho, que marca la vida de una persona para siempre, el narrador de Flipper nos involucra en su cotidianidad. Piensa, recuerda, se encuentra con su madre y con su hermana, y, sobre todo, empieza a poner en claro algunas de las tantas cuentas pendientes que t...

Descripción completa

Guardado en:
Autor Principal: Decarli, Enrique.
Formato: Libro
Idioma:Undetermined
Publicado: Buenos Aires : Paisanita, 2023.
Edición:1a ed. 1a reimp.
Series:Identidades bonaerenses
Materias:
Etiquetas: Agregar Etiqueta
Sin Etiquetas, Sea el primero en etiquetar este registro!
LEADER 01694nam a22002775a 4500
001 CEM.cems024802
008 250716s2023####ag############000#0#und#d
005 20250818082443.0
245 1 0 |a Flipper /  |c Enrique Decarli. 
250 |a 1a ed. 1a reimp. 
260 |a Buenos Aires :  |b Paisanita,  |c 2023. 
300 |a 66 p. 
490 1 |a Identidades bonaerenses 
500 |a Edición especial de la Dirección de Cultura y Educación de la Provincia de Buenos Aires. 
500 |a Sugerencia de edad: a partir de ciclo orientado (requiere acompañamiento docente). 
520 |a Su padre acaba de morir. A partir de ese hecho, que marca la vida de una persona para siempre, el narrador de Flipper nos involucra en su cotidianidad. Piensa, recuerda, se encuentra con su madre y con su hermana, y, sobre todo, empieza a poner en claro algunas de las tantas cuentas pendientes que tiene. Una obra construida a partir del viaje a buscar el cuerpo del padre y el velorio posterior lleva al lector al encuentro de todas las emociones que asaltan al protagonista, un joven hasta entonces apagado por la rutina. Una novela ágil y llena de chispazos de luz y humor que dan cuenta de la decisión de seguir adelante pese a todo. 
020 |a 9789874562661 
100 1 |a Decarli, Enrique. 
653 |a Narrativa argentina 
653 |a Literatura argentina 
653 |a Novela argentina 
653 |a Identidades bonaerenses 
859 |a CEMS  |b BIB. CEMS - Agricultura  |h A863.4  |i D355  |p A3944.25  |t Ej.1 
859 |a CEMS  |b BIB. CEMS - 11 de abril  |h A863.4  |p 30235.25  |t Ej.1 
859 |a CEMS  |b BIB. CEMS - Ccias. Educacion  |h A863.4  |k CE  |p 30237.25  |t Ej.1 
859 |a CEMS  |b BIB. CEMS - 11 de abril  |h A863.4  |p 30236.25  |t Ej.2